| 000 | 00603nam a2200193Ia 4500 | ||
|---|---|---|---|
| 999 |
_c46014 _d46014 |
||
| 005 | 20240530104252.0 | ||
| 008 | 140319s9999 xx 000 0 ara d | ||
| 017 | _bمصر. دار الكتب | ||
| 040 |
_aGCL / _cGCL |
||
| 082 | 0 | 4 |
_a301.24 _bم ا _221 |
| 100 | 1 | _aمحمود عودة | |
| 245 | 1 | 0 |
_aاساليب الاتصال والتغير الاجتماعى / _cمحمد عودة |
| 300 | _a476 ص | ||
| 650 | 0 | 4 |
_aالتغير الاجتماعى _2qrmak |
| 650 | 0 | 4 |
_aالاتصال الجماهيرى _2qrmak |
| 651 | _2qrmak | ||
| 700 | 1 | _aالسيد محمد خيرى | |
| 942 |
_2ddc _cBK |
||